Deutsche Autobahnen nach Karte - Statistiken

Allgemein
  • Dieses Quiz wurde 563 mal gespielt
  • Das Durchschnittsergebnis liegt bei 5 aus 9
Antwortstatistiken
Bildquiz Antwort % Korrekt
A7
78%
A9
76%
A2
71%
A1
58%
A5
58%
A3
55%
A4
48%
A6
48%
A8
47%
Keine übereinstimmenden Quizze gefunden
Verteilung der Resultate
Anzahl Personen mit jedem Resultat
Perzentil nach korrekt beantworteten Fragen
Ihre Resultats-Entwicklung
Sie haben dieses Quiz noch nicht gespielt